000 00619nam a2200229Ia 4500
003 OSt
005 20221007075810.0
006 a|||||r|||| 00| 0
007 ta
008 221006b |||||||| |||| 00| 0 eng d
024 _a40,291
037 _cTextual
040 _aFLL
_cFLL
_beng
041 _2eng
_aeng
082 _aY15:Z2, N9;Q2
100 _aAgnes F.
_9694237
245 0 _aLaw and gender inequality , reprint 2012
260 _aNew Delhi
_bOxford University Press India
_c1999
300 _axvi,250p
_ccm.
942 _hY15:Z2, N9;Q2
_cTEXL
_2CC
999 _c1157410
_d1157410